| 000 | 01163nam a2200313 c 4500 | ||
|---|---|---|---|
| 001 | 192703 | ||
| 003 | SpMaBN | ||
| 005 | 20250804062652.0 | ||
| 008 | 230512s2017 sp | |||| 000 f spa | ||
| 017 |
_aAL 2086-2017 _bOficina Depósito Legal Almería |
||
| 020 | _a9788491758174 | ||
| 040 |
_aSpMaBN _bspa _cES-MaACL _erda |
||
| 080 | _a821.134.2-31"19" | ||
| 100 | 1 |
_aTobaruela González, José Luis _eaut _9176587 |
|
| 245 | 1 | 4 |
_aUna copita de veneno, por favor / _cJosé Luis Tobaruela González |
| 250 | _aPrimera edición: noviembre 2017 | ||
| 264 | 1 |
_a[Roquetas de Mar, Almería] : _bCírculo Rojo, _c2017 |
|
| 300 |
_a445 páginas ; _c21 cm |
||
| 336 |
_aTexto (visual) _2isbdcontent |
||
| 337 |
_asin mediación _2isbdmedia |
||
| 500 | _aÍndice | ||
| 500 | _aEn cub.: "Nadie sospechaba de aquellas muertes en la residencia de ancianos hasta que llegó él" | ||
| 655 | 0 |
_aNovelas _9234319 |
|
| 852 |
_aES-MaACL _bR. 152841 _cDEPOJ _hDonación: José Lázaro García _jN-8336 _9200000 |
||
| 903 |
_9234219 _aLázaro García, José _ednr |
||
| 942 |
_cMONOGRAFIA _n0 |
||
| 999 |
_c192703 _d192703 |
||